书目信息 |
| 题名: |
统计物理学
|
|
| 作者: | 瑞夫 著 ;世勋 译 | |
| 分册: | ||
| 出版信息: | 北京 科学出版社 1979 |
|
| 页数: | 472页 | |
| 开本: | 20cm | |
| 丛书名: | ||
| 单 册: | ||
| 中图分类: | O414.2 | |
| 科图分类: | ||
| 主题词: | 理论物理学 | |
| 电子资源: | ||
| ISBN: | ||
| 000 | 00674nam0 2200205 45 | |
| 001 | 0312221749 | |
| 005 | 20060816163014.87 | |
| 010 | @dCNY1.55 | |
| 100 | @a20031222d1979 km y0chiy0120 ea | |
| 101 | @achi@ceng | |
| 200 | 1 | @a统计物理学@ATong Ji Wu Li Xue@e《伯克利物理学教程》第五卷@E《Bo Ke Li Wu Li Xue Jiao Cheng》Di Wu Juan@f(美)F·瑞夫著@F(mei)F·rui fu zhu@g世勋等译 |
| 210 | @a北京@c科学出版社@d1979 | |
| 215 | @a472页@d20cm | |
| 517 | @a《伯克利物理学教程》第五卷@A《Bo Ke Li Wu Li Xue Jiao Cheng》Di Wu Juan | |
| 606 | 0 | @a理论物理学 |
| 690 | @aO414.2@v3 | |
| 701 | 0 | @a瑞夫@Arui fu@4著 |
| 702 | 0 | @a世勋@4译 |
| 801 | @aCN@bTSTCL@c20060816 | |
| 905 | @dO414.2@e10 | |
| 统计物理学:《伯克利物理学教程》第五卷/(美)F·瑞夫著/世勋等译.-北京:科学出版社,1979 |
| 472页;20cm |
| ISBN :CNY1.55 |
| ● |
| 相关链接 |
|
|
|
|
正题名:统计物理学
索取号:O414.2/10
 
预约/预借
| 序号 | 登录号 | 条形码 | 馆藏地/架位号 | 状态 | 备注 |
| 1 | 0018468 | 001053781 | 第二样本阅览室/ [索取号:O414.2/10] | 在馆 | |
| 2 | 0018469 | 202243660 | 密集书库/ [索取号:O414.2/10] | 在馆 | |
| 3 | 0018470 | 202340118 | 密集书库/ [索取号:O414.2/10] | 在馆 | |
| 4 | 0018471 | 202327259 | 密集书库/ [索取号:O414.2/10] | 在馆 | |
| 5 | 0018472 | 202340074 | 密集书库/ [索取号:O414.2/10] | 在馆 | |
| 6 | 0018473 | 202244240 | 密集书库/ [索取号:O414.2/10] | 在馆 | |
| 7 | 0018474 | 202327240 | 密集书库/ [索取号:O414.2/10] | 在馆 | |
| 8 | 0018475 | 202243633 | 密集书库/ [索取号:O414.2/10] | 在馆 | |
| 9 | 0018477 | 202155513 | 密集书库/ [索取号:O414.2/10] | 在馆 | |
| 10 | 0018482 | 202327295 | 密集书库/ [索取号:O414.2/10] | 在馆 | |
| 11 | 0018483 | 202243973 | 密集书库/ [索取号:O414.2/10] | 在馆 | |
| 12 | 0018484 | 202327213 | 密集书库/ [索取号:O414.2/10] | 在馆 | |
| 13 | 0018485 | 202327204 | 密集书库/ [索取号:O414.2/10] | 在馆 | |
| 14 | 0018486 | 202244286 | 密集书库/ [索取号:O414.2/10] | 在馆 | |
| 15 | 0018487 | 202244053 | 密集书库/ [索取号:O414.2/10] | 在馆 | |
| 16 | 0146862 | 001959358 | 密集书库/ [索取号:O414.2/10] | 在馆 | |
| 17 | 0146863 | 001053816 | 第三借阅区/ [索取号:O414.2/10] | 在馆 | |
| 18 | 0146864 | 001053647 | 密集书库/ [索取号:O414.2/10] | 在馆 | |
| 19 | 0434179 | 204341792 | 密集书库/ [索取号:O414.2/10] | 在馆 | |
| 20 | 0461968 | 204619680 | 密集书库/ [索取号:O414.2/10] | 在馆 |